000 00638nam a2200205Ia 4500
005 20260121110211.0
008 008 260114s9999 xx 000 0 hin d
020 _a9788132303848
037 _aEBOOK
040 _aCRL
_bhin
_cCRL
041 _ahin
_2hin
084 _qCRL
100 _aरामेश्वर सहाय / Rameshwar Sahai
_9943267
245 0 _aइतिहास शिक्षण / Itihas Shikshan
260 _bभाषा प्रकाशन / Bhasha Prakashan
_c2020
856 _uhttps://bhashaprakashan.com/product-details/378016
942 _cEBOOK
999 _c1534932
_d1534932